| 000 | 00782nam a2200241 i 4500 | ||
|---|---|---|---|
| 001 | 18413 | ||
| 003 | ES-MaACL | ||
| 005 | 20230906151831.0 | ||
| 007 | t| | ||
| 008 | 011227s2001 sp ||||1| spa d | ||
| 020 | _a84-470-1583-1 | ||
| 080 | _a347.27(460)"19"(094.5) | ||
| 080 | _a347.714(460)(094.5) | ||
| 245 | 0 | 0 |
_aCódigo de legislación inmobiliaria, hipotecaria y del registro mercantil / _cJosé Manuel García García. |
| 250 | _a3ª ed. | ||
| 260 |
_aMadrid : _bCivitas, _c2001. |
||
| 300 |
_a3087 p. ; _c25 cm. |
||
| 500 | _3Indice | ||
| 650 | 4 |
_aHipotecas- _zEspaña- _vLegislación. _913366 |
|
| 650 | 1 | 4 |
_aRegistro mercantil- _zEspaña- _vLegislación. _916770 |
| 700 | 1 |
_aGarcía García, José Manuel ( _d1942-) _954664 |
|
| 852 |
_aES-MaACL _jL-15913 _bR.131098 |
||
| 999 |
_c18413 _d18413 |
||